• 首页
  • 本馆介绍
  • 公告通知
  • 最新文献
  • 馆藏检索
  • 电子资源
  • 读者导购
  • 参考咨询
  • 我的图书馆
  • 登录
  • 详细信息显示
  • 放入我的书架
  • 预约/预借图书
  • 作者相关作品
  • 分类相关作品
  • 丛书相关作品
  • 出版社相关作品

书目信息

  • 表格格式
  • 工作单格式
  • 卡片格式
题名:
研究生社会主义核心价值观培育研究
    
 
作者: 唐检云 主编
分册:  
出版信息: 湘潭   湘潭大学出版社  2016
页数: 214页
开本: 24cm
丛书名:
单 册:
中图分类: G643.1
科图分类:
主题词: 研究生--yan jiu sheng--思想政治教育--研究--中国
电子资源:
ISBN: 978-7-5687-0025-2
000 01150nam0 22002411 450
001 0118172349
005 20170618172349.0
010    @a978-7-5687-0025-2@dCNY29.00
100    @a20170303d2016 em y0chiy50 ea
101 0  @achi
102    @aCN@b430000
105    @ay z 000yy
106    @ar
200 1  @a研究生社会主义核心价值观培育研究@Ayan jiu sheng she hui zhu yi he xin jia zhi guan pei yu yan jiu@f唐检云主编
210    @a湘潭@c湘潭大学出版社@d2016
215    @a214页@d24cm
300    @a湖南省中国特色社会主义理论体系研究中心湘潭大学基地研究成果
330    @a本书收录了湘潭大学研究生院和湘潭大学研究生团委共同举办的“践行社会主义核心价值观与研究生成长成才”征文比赛的获奖论文二十多篇,既包含有湘潭大学本校的研究生来稿,也有长沙理工大学、吉首大学等外校研究生的来稿,充分展示了当前研究生社会主义核心价值观培育方面的成果,对引导研究生成为社会主义核心价值观的践行者和倡导者,成为中国特色社会主义伟大事业的合格建设者具有非常大的社会意义。
606 0  @a研究生@Ayan jiu sheng@x思想政治教育@x研究@y中国
690    @aG643.1@v5
701  0 @a唐检云@Atang jian yun@4主编
801  0 @aCN@bTANGWEI@c20170615
905    @b1009599-604@dG643.1@e877@f6
    
    研究生社会主义核心价值观培育研究/唐检云主编 .-湘潭:湘潭大学出版社,2016
    214页;24cm
    湖南省中国特色社会主义理论体系研究中心湘潭大学基地研究成果
    
    ISBN 978-7-5687-0025-2:CNY29.00
    本书收录了湘潭大学研究生院和湘潭大学研究生团委共同举办的“践行社会主义核心价值观与研究生成长成才”征文比赛的获奖论文二十多篇,既包含有湘潭大学本校的研究生来稿,也有长沙理工大学、吉首大学等外校研究生的来稿,充分展示了当前研究生社会主义核心价值观培育方面的成果,对引导研究生成为社会主义核心价值观的践行者和倡导者,成为中国特色社会主义伟大事业的合格建设者具有非常大的社会意义。
●
相关链接 在E读中查询图书 在五车中查询图书 在当当中查询图书 在豆瓣中查询图书


正题名:研究生社会主义核心价值观培育研究     索取号:G643.1/877         预约/预借

序号 登录号 条形码 馆藏地/架位号 状态 备注
1 1009599   210095993   第一样本阅览室/ [索取号:G643.1/877] 在馆    
2 1009600   210096000   教育系资料室/ [索取号:G643.1/877] 在馆    
3 1009601   210096019   教育系资料室/ [索取号:G643.1/877] 在馆    
4 1009602   210096028   教育系资料室/ [索取号:G643.1/877] 在馆    
5 1009603   210096037   第四借阅区/ [索取号:G643.1/877] 在馆    
6 1009604   210096046   第四借阅区/ [索取号:G643.1/877] 在馆    
唐山师范学院图书馆 欢迎您!
大连网信软件有限公司© 版权所有